000 01612nam a2200217Ia 4500
003 Ost
005 20260507074925.0
008 260507s9999||||xx |||||||||||||| ||und||
040 _cfsecg
041 _aara
082 _a1.42
100 _aقنديلجي، عامر
_eمؤلف
245 0 _aالبحث العلمي :
_bالكمي والنوعي /
_c عامر قنديلجي
260 _aعمان:
_bدار اليازوري,
_c2008
300 _a550 صفحة؛
_bإيضاحات ؛
_c24 سم
520 _aالبحث العلمي والتطوير، أنواع البحوث العلمية ونقاط الاختلاف والالتقاء بينهما، خطة البحث العلمي وخطوات انجاز البحث، خطوات البحث واعداد خطة البحث النوعي، استراتيجيات ومناهج البحث الكمي، مناهج البحث العلمي النوعي، العينات في البحث الكمي والبحث النوعي، أساليب جمع البيانات في البحث الكمي، اساليب جمع البيانات في البحث النوعي، تحليل البيانات وعرضها في البحث الكمي، تحليل البيانات النوعية، دور الباحث النوعي ومصداقية البحث وموضوعيته، اعداد التقرير النهائي للبحث، توثيق مصادر المعلومات والاستشهادات في البحث العلمي
653 _aالبحوث
653 _aمصادر المعلومات
700 _aالسامرائي، إيمان
_eمؤلف ثانوي
942 _cكتاب
999 _c41823
_d41823